| 000 | 00334nam a2200145Ia 4500 | ||
|---|---|---|---|
| 008 | 230917s9999||||xx |||||||||||||| ||und|| | ||
| 040 |
_e47664 _aMAIN |
||
| 041 | _aEnglish | ||
| 082 | _a823.08 J988S | ||
| 100 | _aJuvenal | ||
| 245 | 0 | _aSixteen satires | |
| 260 |
_aMiddlesex _bPenguin Books _c1967 |
||
| 300 | _a318 p. | ||
| 942 | _cBK | ||
| 999 |
_c83223 _d83223 |
||